Carlton Blues Theme Song - Statistics

General Stats
  • This quiz has been taken 252 times
  • The average score is 49 of 55
Answer Stats
Answer % Correct
Are
99%
Are
99%
Blues
99%
Blues
99%
Blues
99%
Navy
99%
Navy
99%
The
99%
The
99%
The
99%
The
99%
The
99%
The
99%
We
99%
We
99%
Old
98%
Old
98%
Old
98%
Down
97%
Never
97%
You
97%
Team
96%
Team
96%
That
96%
That
96%
We're
96%
We're
96%
Dark
95%
Dark
95%
Lets
95%
Only
94%
Carlton
93%
Know
90%
Up
88%
End
86%
Champions
85%
Keep
85%
Our
85%
Send
83%
They
83%
They
83%
To
83%
Knows
82%
And
80%
Like
80%
Playing
79%
Against
76%
Been
75%
All
74%
Famous
74%
Will
74%
We'll
72%
They've
68%
With
66%
Us
61%
No matching quizzes found
Score Distribution
Percent of People with Each Score
Percentile by Number Answered
Your Score History
You have not taken this quiz